| 000 | 00599 a2200241 4500 | ||
|---|---|---|---|
| 001 | 22675 | ||
| 650 | 0 |
_aTürk dili _xDil bilgisi _96944 |
|
| 999 |
_c22675 _d9336 |
||
| 003 | TR-AnTOB | ||
| 005 | 20211021000817.0 | ||
| 008 | 041102s1996 tu tur | ||
| 020 | _a9751003210 | ||
| 041 | _atur | ||
| 050 |
_aPL123 _b.K63 1996 |
||
| 090 | _aPL123 .K63 1996 | ||
| 100 |
_aKoç, Nurettin _916115 |
||
| 245 | 0 |
_aYeni dilbilgisi / _cNurettin Koç. |
|
| 250 | _a742 p. : 24 cm. | ||
| 264 | 1 |
_aİstanbul : _bİnkılap Kitabevi, _c1996 |
|
| 300 | _a(Genişletilmiş 3. baskı) | ||
| 490 | 0 | _akaynakça | |
| 902 | _a0007504 | ||
| 942 | _cBK | ||